000 00568nam a2200241 a 4500
003 AR-BaBNM
005 20251128205851.0
008 082120s2002 ||||||||||||||000 | spa||
020 _a987-9123-89-1
040 _cAR-BaBNM
100 1 _aSalanitri, VerĂ³nica
245 0 0 _aDesignios
260 _aBuenos Aires
_bDunken
_c1998
300 _a196 p.
650 4 _aLITERATURA ARGENTINA
650 4 _aNOVELAS
650 4 _aLITERATURA CONTEMPORANEA
650 4 _aADOLESCENTES
653 _aNARRATIVA
655 _aLITERATURA
942 _cBK
998 _cMARTIN
999 _c13079
_d13079